LEADER 01381nam 2200433 450 001 9910466000203321 005 20210829075029.0 010 $a1-4963-5962-3 035 $a(CKB)3710000000824405 035 $a(MiAaPQ)EBC5122306 035 $a(Au-PeEL)EBL5122306 035 $a(CaPaEBR)ebr11464144 035 $a(OCoLC)1011182753 035 $a(EXLCZ)993710000000824405 100 $a20171205h20172017 uy 0 101 0 $aeng 135 $aurcnu|||||||| 181 $2rdacontent 182 $2rdamedia 183 $2rdacarrier 200 10$aNeuroradiology companion $emethods, guidelines, and imaging fundamentals /$fCarlos Zamora, Mauricio Castillo 210 1$aPhiladelphia, [Pennsylvania] :$cWolters Kluwer,$d2017. 210 4$dİ2017 215 $a1 online resource (1,621 pages) $cillustrations (some color) 311 $a1-4963-2213-4 320 $aIncludes bibliographical references at the end of each chapters and index. 606 $aNervous system$xRadiography$vHandbooks, manuals, etc 608 $aElectronic books. 615 0$aNervous system$xRadiography 676 $a616.804754 700 $aZamora$b Carlos$01041539 702 $aCastillo$b Mauricio 801 0$bMiAaPQ 801 1$bMiAaPQ 801 2$bMiAaPQ 906 $aBOOK 912 $a9910466000203321 996 $aNeuroradiology companion$92465136 997 $aUNINA LEADER 01554nam 2200469 a 450 001 9910701467803321 005 20120319123314.0 035 $a(CKB)5470000002418398 035 $a(OCoLC)780438931 035 $a(EXLCZ)995470000002418398 100 $a20120319d2011 ua 0 101 0 $aeng 135 $aurcn||||||||| 181 $ctxt$2rdacontent 182 $cc$2rdamedia 183 $acr$2rdacarrier 200 10$aAtmospheric and soil carbon and halophytes$b[electronic resource] /$fRobert C. Hendricks, Dennis M. Bushnell 210 1$aCleveland, Ohio :$cNational Aeronautics and Space Administration, Glenn Research Center,$d[2011] 215 $a1 online resource (7 pages) $ccolor illustrations 225 1 $aNASA/TM ;$v2011-217132 300 $aTitle from title screen (viewed on Mar. 19, 2012). 300 $a"September 2011." 320 $aIncludes bibliographical references (pages 6-7). 606 $aAtmospheric chemistry$2nasat 606 $aSoils$2nasat 606 $aWater resources$2nasat 606 $aCarbon cycle$2nasat 606 $aArid lands$2nasat 615 7$aAtmospheric chemistry. 615 7$aSoils. 615 7$aWater resources. 615 7$aCarbon cycle. 615 7$aArid lands. 700 $aHendricks$b Robert C$01395835 701 $aBushnell$b Dennis M$01168120 712 02$aNASA Glenn Research Center. 801 0$bGPO 801 1$bGPO 906 $aBOOK 912 $a9910701467803321 996 $aAtmospheric and soil carbon and halophytes$93518455 997 $aUNINA